000 00297nam a22001337a 4500
008 171005b xxu||||| |||| 00| 0 eng d
020 _a0020747705
041 _aeng
080 _a519.9
100 _a49
101 _aPSI
245 _aLAW, LIBERTY, AND PSYCHIATRY
_cSZASZ,TH.S
942 _2udc
_cBK
999 _c31974
_d31974